000 01073nam a22003135i 4500
003 EG-ScBUE
005 20250311110345.0
008 101004t2001 njua f d 001 0 eng d
020 _a0130501824
020 _a9780130501820
040 _aEG-ScBUE
_beng
_erda
_cEG-ScBUE
_dEG-ScBUE
082 0 4 _a512
_bALG
_222
245 0 0 _aAlgebra /
_cAllan Bellman, [and six others]
250 _aTeacher's edition.
264 1 _aUpper Saddle River, New Jersey :
_bPrentice-Hall,
_c[2001]
264 4 _cc2001
300 _a1 volume (various pagings) :
_bcolor illustrations ;
_c25 cm
336 _2rdacontent
_atext
_btxt
337 _aunmediated
_2rdamedia
_bn
338 _avolume
_bnc
_2rdacarrier
500 _aIncludes index.
500 _aIncludes glossary.
521 _aPrentice Hall dedicates this mathematics program to all mathematics educators and their students.
650 7 _aAlgebra.
_920041
_2BUEsh
650 7 _aAlgebra
_xStudy and teaching (Secondary)
_920042
_2BUEsh
655 _vReading book
700 1 _aBellman, Allan,
_eauthor.
_920043
942 _2ddc
_cBB
999 _c30939
_d30910